000
00276nam a2200121Ia 4500
008
190216s9999||||xx |||||||||||||| ||und||
100
_a
Thikkurissi K V
245
0
_a
Oru Valmeeki Koode
260
_b
Current Books
_c
1965
300
_a
81p
650
_a
Kavithkal
942
_c
BK
999
_c
23610
_d
23610